000 01061nam a2200265 i 4500
001 181478
003 ES-MaACL
005 20231017161426.0
007 t|
008 130123s2011 sp ||||1| spa d
080 _a913.1(091)
100 1 _aMolina Marín, Antonio Ignacio.
_9152117
245 1 0 _aGeographica
_b: ciencia del espacio y tradición narrativa de Homero a Cosmas Indicopleustes /
_cAntonio Ignacio Molina Marín.
260 _aMurcia :
_bUniversidad de Murcia,
_c2011.
300 _a555 p. :
_bil. ;
_c24 cm.
490 1 _aAntigüedad y cristianismo ;
_v27
500 _aPrecede al tít.: Universidad de Murcia, Área de Historia Antigua.
650 4 _aGeografía antigua-
_xHistoria.
_9147897
710 2 _aUniversidad de Murcia.
_bÁrea de Historia Antigua.
_97229
830 0 _aAntigüedad y cristianismo ;
_v27
_9180291
852 _aES-MaACL
_jA-12541
_9188379
_bR.148719
_cDEPO1
_dOlim: N-5544
_xDonación: Universidad de Murcia
914 _97228
_aUniversidad de Murcia
_ednr
942 _2udc
_cMONOGRAFIA
999 _c181478
_d181478